[Event "Titled Tue 5th Nov Early"]
[Site "chess.com INT"]
[Date "2024.11.05"]
[Round "10"]
[White "Caruana, F.."]
[Black "Carlsen, M.."]
[Result "1/2-1/2"]
[WhiteElo "2805"]
[BlackElo "2831"]
[PlyCount "144"]
[EventDate "2024.11.05"]

1. d4 Nf6 2. c4 e6 3. Nc3 Bb4 4. e3 O-O 5. a3 Bxc3+ 6. bxc3 d6 7. Ne2 Nc6 8. Ng3 b6 9. e4 e5 10. Be2 Re8 11. O-O exd4 ({RR} 11... Ba6 12. f3 Na5 13. Nf5 Nd7 14. Ne3 Nf8 15. Rf2 Ne6 16. Rb1 Qd7 17. Bf1 Rad8 18. g3 Nf8 19. Qd3 exd4 20. cxd4 d5 21. exd5 c6 22. dxc6 Qxd4 23. Qxd4 Rxd4 24. Bb2 Rdd8 25. c7 Rd7 26. c5 {Xu,Y (2468)-Jin,H (2305) Xinghua CHN 2025 1-0 (46)}) 12. cxd4 Nxe4 13. Nxe4 $146 ({RR} 13. Bf3 f5 14. Re1 d5 15. Bg5 Qxg5 16. cxd5 Na5 17. h4 Qf4 18. Qc2 Bb7 19. Nxe4 fxe4 20. Bxe4 Qxh4 21. g3 Qh5 22. Qxc7 Bxd5 23. Bxd5+ Qxd5 24. Rxe8+ Rxe8 25. Qxa7 Qxd4 26. Rb1 {0-1 (26) Hooper,D-Barden,L Hastings 1952}) 13... Rxe4 14. Bf3 Rxd4 15. Qa4 Na5 16. Bxa8 Bd7 17. Qc2 Qxa8 18. Re1 Rxc4 19. Qe2 Be6 20. Bb2 Rg4 21. f3 Rg6 22. Rad1 Nc4 23. Bc1 h5 24. Kh1 d5 25. Qf2 c5 26. Qh4 d4 27. Qxh5 Qd5 28. Qh4 b5 29. Re4 a5 30. Rexd4 cxd4 31. Rxd4 Rf6 32. Rxd5 Bxd5 33. h3 Be6 34. Qd4 Rf5 35. Qd8+ Kh7 36. Kh2 Rd5 37. Qh4+ Kg8 38. Qe7 Rd7 39. Qe8+ Kh7 40. Qf8 Rd4 41. Qc5 Rd5 42. Qc6 Rd1 43. Bf4 Rd5 44. Bc1 Rd1 45. Bg5 Rd5 46. Be7 Rd7 47. Bf8 Rd5 48. Bc5 Kg8 49. Qc7 Kh7 50. Qc6 Ne5 51. Qxb5 Nd3 52. Qb1 Bf5 53. Be3 Re5 54. Bd2 Re2 55. Bxa5 Rxg2+ 56. Kxg2 Nf4+ 57. Kg3 Nh5+ 58. Kh4 Bxb1 59. Kxh5 Bc2 60. Kg4 Kg6 61. Bc3 Bf5+ 62. Kg3 Bd7 63. h4 f6 64. Kf4 Bc6 65. Ke3 Kh5 66. Be1 g5 67. hxg5 fxg5 68. Bf2 Kg6 69. Bg3 Kf5 70. f4 gxf4+ 71. Bxf4 Ke6 72. a4 Bxa4 1/2-1/2

[Event "chess.com SpeedChess 2022"]
[Site "chess.com INT"]
[Date "2022.12.13"]
[Round "2.14"]
[White "Caruana, F.."]
[Black "Carlsen, M.."]
[Result "1/2-1/2"]
[WhiteElo "2766"]
[BlackElo "2859"]
[PlyCount "116"]
[EventDate "2022.11.23"]
[EventType "k.o."]

1. d4 Nf6 2. c4 e6 3. Nc3 Bb4 4. e3 O-O 5. a3 Bxc3+ 6. bxc3 d6 7. f3 ({RR} 7. Ne2 c5 8. Ng3 Nc6 9. Ra2 b6 10. e4 Ba6 11. Bg5 h6 12. h4 hxg5 13. hxg5 g6 14. gxf6 Qxf6 15. e5 dxe5 16. d5 Ne7 17. d6 Nf5 18. Ne4 Qd8 19. Qd3 Kg7 20. g4 Bb7 21. Rh3 Nh4 {Ding Liren (2788)-Nepomniachtchi,I (2795) Astana KAZ 2023 ½-½ (45)}) 7... Nh5 $146 ({RR} 7... e5 8. e4 b6 9. Bd3 Ba6 10. Ne2 Nc6 11. Bg5 Na5 12. Ng3 h6 13. Bc1 Bxc4 14. Bxc4 Nxc4 15. Qd3 d5 16. O-O b5 17. a4 dxe4 18. fxe4 c6 19. axb5 cxb5 20. Nf5 Kh7 21. Ra6 Ng8 22. Qh3 {Gonzalez,F (2021)-Zakhartsov,V (2547) chess.com INT 2023 0-1 (40)}) ({RR} 7... Nc6 8. Bd3 b6 9. e4 Qe8 10. f4 e5 11. fxe5 dxe5 12. Nf3 exd4 13. cxd4 Bg4 14. Bb2 Nxe4 15. O-O Ng5 16. Qd2 Nxf3+ 17. gxf3 Bh5 18. Rae1 Qd7 19. d5 Na5 20. Qg5 Bg6 21. Re7 Qd6 22. Rfe1 {Dambacher,M (2474)-Bok,B (2593) Venlo NED 2025 ½-½ (37)}) 8. Nh3 f5 9. Bd3 c5 10. O-O Nc6 11. e4 f4 12. e5 dxe5 13. dxc5 Qe7 14. Kh1 Bd7 15. a4 Rad8 16. Qc2 Nf6 17. Ng5 h6 18. Ne4 Be8 19. Nd6 b6 20. Nxe8 Qxe8 21. cxb6 axb6 22. Ba3 e4 23. Bxe4 Nxe4 24. Qxe4 Rf5 25. Rab1 Re5 26. Qxf4 Re2 27. Rxb6 Rdd2 28. Rg1 Ne5 29. Bc5 Nd3 30. Rb8 Nxf4 31. Rxe8+ Kh7 32. Bd4 Nd3 33. f4 Ra2 34. Re7 Nf2+ 35. Bxf2 Rxf2 36. Rxe6 Rxf4 37. Rc6 Rff2 38. c5 Rfc2 39. h3 Rxc3 40. Rc7 Rcc2 41. c6 Rxa4 42. Rc8 Rac4 43. c7 Rxc7 44. Rxc7 Rxc7 45. Kh2 g5 46. Rh1 Kg6 47. Rg1 Rf7 48. Rh1 h5 49. Rg1 h4 50. Re1 Rf5 51. Re3 Kf6 52. Kg1 Re5 53. Rxe5 Kxe5 54. Kf2 Kf4 55. Kf1 g4 56. hxg4 Kxg4 57. Kg1 h3 58. gxh3+ Kxh3 1/2-1/2

[Event "chess.com SpeedChess 2022"]
[Site "chess.com INT"]
[Date "2022.12.13"]
[Round "2.22"]
[White "Caruana, F.."]
[Black "Carlsen, M.."]
[Result "1/2-1/2"]
[WhiteElo "2766"]
[BlackElo "2859"]
[PlyCount "144"]
[EventDate "2022.11.23"]
[EventType "k.o."]

1. d4 {Golod,Vitali} Nf6 2. c4 e6 3. Nc3 Bb4 4. e3 d5 5. a3 Be7 6. Nf3 O-O 7. b4 c6 8. Bb2 b6 9. c5 a5 10. Bd3 Nbd7 11. O-O Ba6 12. Ne1 $146 ({RR} 12. Bxa6 Rxa6 13. b5 cxb5 14. c6 Nb8 15. Ne5 b4 ({RR} 15... Ne8) 16. Nb5 Ne8 17. a4 f6 18. Rc1 Nc7 ({RR} 18... fxe5 19. c7 Qc8 ({RR} 19... Nxc7 20. Nxc7) 20. cxb8=Q Qxb8 21. dxe5 Bc5) 19. Nd3 Ra8 20. Nf4 Nba6 21. e4 Bd6 ({RR} 21... dxe4 22. Qb3 Qc8) 22. e5 fxe5 23. dxe5 Bc5 24. Qg4 Qe7 25. Nd6 Nb8 26. Nd3 Nca6 {Kortschnoj,V (2579)-Golod,V (2552) Beersheba 2004 CBM 101 [Golod,Vitali] 1-0 (38)} ({RR} 26... Nba6) ({RR} 26... Nxc6 27. Nxc5 bxc5 28. Rxc5 Ra6 29. Rfc1)) 12... e5 13. Bxa6 Rxa6 14. b5 exd4 15. bxa6 dxc3 16. Bxc3 Nxc5 17. Qe2 Qa8 18. Rb1 Nfe4 19. Bd4 b5 20. a7 Ne6 21. Nf3 Bxa3 22. Qc2 Bd6 23. Bb6 Qb7 24. Bxa5 Qxa7 25. Ra1 Qb7 26. Nd4 c5 27. Nf5 Be5 28. Rad1 Re8 29. f3 Nd6 30. Nxd6 Bxd6 31. Bc3 b4 32. Ba1 c4 33. Qf5 c3 34. Rxd5 g6 35. Qd3 Bf8 36. Kh1 Nc5 37. Qc4 Rc8 38. h3 Qa6 39. Rd4 Qxc4 40. Rxc4 Rb8 41. Rb1 Na6 42. Rc6 Ra8 43. Bxc3 bxc3 44. Rxc3 Nc5 45. Rbc1 Ne6 46. Rc8 Ra5 47. e4 h5 48. Rd1 h4 49. e5 Rxe5 50. Rc4 g5 51. Rg4 Be7 52. Rf1 Nf4 53. g3 hxg3 54. h4 Nh5 55. f4 f5 56. fxe5 fxg4 57. hxg5 Bxg5 58. Rf5 g2+ 59. Kxg2 Nf4+ 60. Kg3 Ne6 61. Kxg4 Be7 62. Rh5 Kf7 63. Rh7+ Ng7 64. Rh6 Ne6 65. Kf5 Ng7+ 66. Ke4 Ne6 67. Rh7+ Ke8 68. Kf5 Kd7 69. Rxe7+ Kxe7 70. Ke4 Nc7 71. Kd3 Ke6 72. Kc2 Kxe5 1/2-1/2

[Event "FIDE World Cup"]
[Site "Khanty-Mansiysk"]
[Date "2007.12.07"]
[Round "5.2"]
[White "Cheparinov, Ivan"]
[Black "Carlsen, Magnus"]
[Result "1/2-1/2"]
[WhiteElo "2670"]
[BlackElo "2714"]
[Annotator "ChessBase"]
[PlyCount "159"]
[EventDate "2007.11.24"]
[EventType "k.o."]
[EventRounds "7"]
[EventCountry "RUS"]
[SourceTitle "CBM 122"]
[Source "ChessBase"]
[SourceDate "2008.01.30"]
[SourceVersion "1"]
[SourceVersionDate "2008.01.30"]
[SourceQuality "1"]

{The second match game between Carlsen and Cheparinov left a strange feeling. The Bulgarian grandmaster chose a deeply analyzed opening variation, very well known to his opponent - a rather surprising strategy, especially since this variation leads to simple positions with visible drawish tendencies. The game quickly entered a four-rooks endgame with an extra pawn for White, but without real winning chances for Cheparinov. His further efforts were in vain: such endgames can hardly be won, no matter of one's efforts and willingness to win. Thus Carlsen's draw with the black pieces was unexpectedly easy, and he won the match 1.5-0.5.} 1. d4 {Marin,Mihail} Nf6 2. c4 e6 3. Nc3 Bb4 4. Nf3 c5 ({RR} 4... b6) 5. g3 cxd4 6. Nxd4 O-O ({RR} 6... Ne4 7. Qd3 Bxc3+ 8. bxc3 Nc5 9. Qf3 d6 10. Bg2 e5 11. Nf5 Qf6 12. Ne3 Qxf3 13. Bxf3 Be6 14. Ba3 Nba6 15. O-O-O Ke7 16. Bg2 Rad8 17. f4 f6 18. Rhf1 b6 19. g4 Nc7 20. h4) 7. Bg2 d5 8. cxd5 Nxd5 9. Qb3 (9. Bd2 Bxc3 10. bxc3 e5 11. Nb3 Nc6 12. O-O Nb6 13. Be3 Qc7 14. Qc2 Be6 15. Rfd1 Nc4 16. Bc5 Rfd8 17. Qe4 Rac8 18. f4 f5 19. Qf3 b6 20. Bf2 e4 $17 {Onischuk,A (2650)-Carlsen,M (2710)/Biel (blitz) 2007}) 9... Qa5 10. Bd2 Nc6 11. Nxc6 bxc6 12. O-O Bxc3 13. bxc3 Ba6 14. Rfd1 Qc5 15. e4 Bc4 16. Qa4 ({The position is well-known to Carlsen also from the white side:} 16. Qc2 Nb6 17. Bf4 e5 18. Be3 Qa3 19. Bh3 Rab8 20. Qc1 Qxc1 21. Rdxc1 Bd3 22. f3 Rb7 $11 {Carlsen,M (2698)-Leko,P (2741)/Moscow 2006}) 16... Nb6 17. Qb4 Qh5 18. Bf4 ({RR} 18. Re1 c5 ({RR} 18... Be2 19. h3 Rfd8 ({RR} 19... c5 20. Qb3) 20. Bf4 Rac8 ({RR} 20... e5 21. g4 Qg6 22. Bxe5) 21. g4 Qb5 22. a4 Qa6 23. a5) 19. Qa5 Rfc8 20. Be3 ({RR} 20. Bf4 e5 21. Be3 Be6) 20... Be2 21. Bf4 ({RR} 21. h3 Nc4 22. Qa6 Nxe3 23. Rxe2 Nxg2 24. Kxg2 Qe5) 21... e5 22. Be3 ({RR} 22. Bxe5 Nc4 23. Qa6 Qxe5 24. Rxe2 Qxc3) 22... Bg4 ({RR} 22... Nc4 23. Qa6 Nxe3 ({RR} 23... Bd3 24. Rad1) 24. Rxe2 Nxg2 25. Kxg2) ({RR} 22... f6 23. Bxc5 Nc4 24. Qb5 Rab8 25. Qd7 Rxc5 26. Rab1 Rb6 ({RR} 26... Rf8 27. Rb7 Qf7 28. Rxe2) ({RR} 26... Rxb1 27. Rxb1 h6 ({RR} 27... Nb6 28. Qxa7) 28. Bh3) 27. Bh3 Kf8 28. Rxb6 axb6 29. Be6 Qe8 30. Qxe8+ Kxe8 31. Rxe2) ({RR} 22... h6 23. h3) 23. Qa6 f6 24. a4 Qf7 25. Bf1 Be6 26. Rab1 ({RR} 26. a5 Bc4 27. Bxc4 Nxc4 ({RR} 27... Qxc4 28. axb6) 28. Rab1 Rc7) 26... c4 ({RR} 26... Rc7 27. Rxb6) ({RR} 26... Bc4 27. Bxc4 Qxc4 ({RR} 27... Nxc4 28. Rb7) 28. Rxb6) ({RR} 26... f5 27. exf5) 27. a5 Na4 ({RR} 27... Nd7 28. Rb7) 28. Rb7 Qe8 29. Qd6 {1-0 (29) Kramnik,V (2772)-Anand,V (2783) Bonn 2008 CBM 127 [Marin,Mihail]} {RR} Bf7 30. Qb4 Rab8 31. a6) ({RR} 18. Be3 Be2 19. Rd2 Rab8 20. Bxb6 axb6 21. Qd6 Rfc8 ({RR} 21... Bf3 22. Qxc6 Bxg2 23. Kxg2 Qe5 24. Qc4 Rfc8 25. Qd4 Qa5 26. Rb1 h6 27. Rb4 Qc5 28. Rd3 Qc7) 22. Rb1 h6 23. e5 Bf3 24. a4 Ra8 25. Qd4 b5 26. Bxf3 Qxf3 27. Rd3) ({RR} 18. Be3 Be2 19. Re1 Nc4 20. Qc5 Nxe3 21. Qxe3 Bc4 22. Qd4 Be2 23. Qd6 Rac8 24. h3 Rfd8 25. Qe7 a5 26. g4 Qb5 27. Rab1 Qc4 28. Rb7 Rf8 29. Qa3 c5 30. Qxa5 Ra8 31. Ra7 Rxa7 32. Qxa7 h5 {Chatalbashev,B (2466)-Hammer,J (2596) Hell NOR 2024 ½-½ (35)}) 18... c5 ({RR} 18... e5) ({RR} 18... Be2) 19. Qa5 ({The Norvegian has pleasant memories with this position. Less then a month ago he won a nice game against Jakovenko:} 19. Qb2 Rad8 20. Re1 Rd7 21. h3 h6 22. a4 Ba6 23. Qa2 Rfd8 24. a5 Nc4 25. Bf1 e5 26. g4 Qg6 27. Bxc4 exf4 28. Bd5 f3 29. c4 h5 30. Kh2 Qf6 31. Rg1 hxg4 32. Rab1 Bxc4 $1 33. Qxc4 Qf4+ 34. Rg3 Rxd5 $19 {Jakovenko,D (2710)-Carlsen,M (2714)/Moscow 2007}) ({RR} 19. Qb2 Rad8 20. Rxd8 Rxd8 21. f3 f5 22. exf5 Qxf5 23. Re1 Qd5 24. Qa3 Qc6 25. Qxa7 Ra8 26. Qe7 Nd5 27. Qd6 Qxd6 28. Bxd6 Nxc3 29. Bxc5 Rxa2 30. Bf1 Bxf1 31. Kxf1 Kf7 {½-½ (31) Bacrot,E (2691)-Carlsen,M (2775) Biel 2008}) 19... e5 $146 {Without waiting for some improvements from his opponent, Magnus is the first one to produce a new move.} (19... Rfc8 20. h3 f6 21. Be3 e5 22. Bxc5 Be6 23. Bxb6 axb6 24. Qxb6 {was slightly better for White in Van Wely,L (2683) -Karjakin,S (2678)/Wijk aan Zee 2007}) ({RR} 19... Be2 20. Re1 e5 21. Bxe5 Nc4 22. Qa6 Qxe5 23. Rxe2 Qxc3 24. Ree1 Ne5 25. Rec1 Qd2 26. Rd1 Qb4 27. Rdb1 {½-½ (27) Bacrot,E (2714)-Moiseenko,A (2715) San Sebastian 2012}) 20. Be3 Be2 21. Re1 Nc4 ({RR} 21... Rfc8) 22. Qa6 (22. Qxc5 Rfc8 23. Qe7 Nxe3 24. fxe3 $17 {is of course not an option for White}) 22... Nxe3 23. Rxe2 Nxg2 24. Kxg2 Rad8 25. Rae1 Rd7 26. Qb5 Rfd8 ({RR} 26... Rc7 27. Rd2) 27. Qxc5 f6 28. Qc4+ Qf7 29. Qxf7+ Kxf7 {White's extra pawn on c3 is rather weak and his rooks are passive. Besides, with four rooks it is even more difficult for White to make progress than with two. Carlsen confidently handles the last part of the game.} 30. Rb1 Rc8 31. Rc2 Rc4 32. Rb4 Rc5 33. Kf1 a5 34. Ra4 g5 35. Ke2 g4 36. Ra3 Rdc7 37. Rc1 h5 38. Kd3 Rd7+ 39. Ke3 Rdc7 40. Rb3 Rc4 41. Kd3 Ra4 42. Rc2 Rd7+ 43. Ke3 Rc7 44. Rb5 Ke6 45. Rb6+ Kf7 46. Ra6 Kg6 47. Ra8 Kf7 48. Ra6 Kg6 49. Rd6 Kf7 50. Kd3 Ke7 51. Rd5 Ke6 52. Rd8 Kf7 53. c4 Ra3+ 54. Kd2 Ra4 55. Kd3 Ra3+ 56. Kd2 Ra4 57. c5 Rxe4 58. Kd3 Ra4 59. Rd6 Ke7 60. Ra6 Rd7+ 61. Kc3 Rdd4 62. Kb2 Rab4+ 63. Kc1 a4 64. Rc3 Rbc4 65. Kc2 Re4 66. Ra7+ Ke6 67. c6 Kd6 68. c7 Kd7 69. Rxc4 Rxc4+ 70. Kd3 Rd4+ 71. Ke3 f5 72. Ra6 Kxc7 73. Rf6 Re4+ 74. Kd3 Rd4+ 75. Ke3 Re4+ 76. Kd3 Rd4+ 77. Kc3 f4 78. Rf5 Re4 79. Kd3 Rd4+ 80. Kc3 1/2-1/2

[Event "Dos Hermanas Qualifier S16"]
[Site "ICC INT"]
[Date "2005.03.16"]
[Round "12"]
[White "Chiong Zacarias, Romero Luis"]
[Black "Carlsen, Magnus"]
[Result "0-1"]
[WhiteElo "2462"]
[BlackElo "2553"]
[PlyCount "52"]
[EventDate "2005.03.16"]
[EventType "swiss"]
[EventCountry "NET"]
[SourceTitle "EXT 2023"]
[Source "ChessBase"]
[SourceDate "2022.10.05"]
[SourceVersion "1"]
[SourceVersionDate "2022.10.05"]
[SourceQuality "1"]

1. d4 Nf6 2. c4 e6 3. Nc3 Bb4 4. e3 O-O 5. a3 Bxc3+ 6. bxc3 c5 7. Bd3 Nc6 8. Ne2 e5 9. e4 d6 10. f3 ({RR} 10. d5 Na5 11. Ng3 Nd7 12. Rb1 Re8 13. Nf5 Nb6 14. g4 a6 15. Qe2 Na4 16. Qc2 Nb6 17. Ne3 Bd7 18. O-O Ba4 19. Qa2 Nc8 20. f3 Ne7 21. Kh1 Qd7 22. Rg1 b5 23. cxb5 axb5 24. Nf5 c4 {LCZero0.31-dag-5350a2e-BT4-61 (3634)-Stockfishdev-20240513-e608eab (3662) tcec-chess.com INT 2024 ½-½ (65)}) ({RR} 10. d5 Ne7 11. f3 Ne8 12. g4 Ng6 13. O-O Qh4 14. Qe1 Qe7 15. Be3 f6 16. h4 Nh8 17. Ng3 g6 18. Ra2 Ng7 19. Rg2 Nf7 20. Kh1 Kh8 21. Rfg1 Qc7 22. Qd2 Bd7 23. g5 f5 24. exf5 gxf5 {Chiong Zacarias,R (2390)-Ancheta,R Manila 1995 1-0 (33)}) 10... Nh5 $146 ({RR} 10... b6 11. Bg5 h6 12. Bh4 Ba6 13. g4 g5 14. Bg3 Kg7 15. h4 Rh8 16. Qd2 Ng8 17. Kf2 f6 18. Rh2 Nge7 19. Rah1 Ng6 20. hxg5 hxg5 21. Rxh8 Nxh8 22. Bh2 Ng6 23. Ng3 Nce7 24. Nf5+ Nxf5 25. gxf5 {Gurevich,D (2347)-Saydaliev,S (2453) chess.com INT 2024 1-0}) ({RR} 10... b6 11. Bg5 h6 12. Bh4 Ba6 13. g4 g5 14. Bg3 Kg7 15. h4 Rh8 16. Qd2 Ng8 17. Kf2 f6 18. Rh2 Nge7 19. Rah1 Ng6 20. hxg5 hxg5 21. Rxh8 Nxh8 22. Bh2 Ng6 23. Ng3 Nce7 24. Nf5+ Nxf5 25. gxf5 {Gurevich,D (2347)-Saydaliev,S (2453) chess.com INT 2024 1-0}) 11. d5 Ne7 12. g4 Nf6 13. h4 Nxg4 14. fxg4 Bxg4 15. Bg5 f6 16. Be3 f5 17. exf5 Nxf5 18. Bxf5 Rxf5 19. Qd2 Qd7 20. Rg1 h5 21. Rf1 Raf8 22. Rxf5 Qxf5 23. O-O-O Qe4 24. Re1 Qxc4 25. Ng3 Rf3 26. Nf1 Rxf1 0-1

[Event "Titled Tue 20th May Late"]
[Site "chess.com INT"]
[Date "2025.05.20"]
[Round "9"]
[White "Deac, Bogdan-Daniel"]
[Black "Carlsen, M.."]
[Result "0-1"]
[WhiteElo "2668"]
[BlackElo "2837"]
[PlyCount "96"]
[EventDate "2025.05.20"]

1. d4 Nf6 2. c4 e6 3. Nc3 Bb4 4. Qc2 d6 5. e3 O-O 6. Bd3 c5 7. Nge2 ({RR} 7. Nf3 Nc6 8. O-O Bxc3 9. Qxc3 Qe7 10. dxc5 dxc5 11. Ne5 Nxe5 12. Qxe5 Rd8 13. Bc2 Ng4 14. Qg3 e5 15. f3 Nf6 16. b3 Nh5 17. Qf2 Bd7 18. Bb2 Bc6 19. Rad1 h6 20. h3 Nf6 21. Qg3 Rxd1 {Erigaisi,A (2801)-Abdusattorov,N (2768) Wijk aan Zee NED 2025 1-0 (46)}) 7... Nc6 8. O-O ({RR} 8. a3 Ba5 9. O-O h6 10. b3 cxd4 11. exd4 Bb6 12. Bb2 Nxd4 13. Nxd4 Bxd4 14. Rad1 e5 15. Nb5 Bg4 16. Be2 Bxe2 17. Qxe2 Bxb2 18. Qxb2 Ne8 19. Rd5 Qb6 20. Rfd1 Rd8 21. a4 Nf6 22. Rxd6 a6 {Giannoulakis,L (2318)-Alexakis,D (2532) Loutraki GRE 2025 ½-½ (61)}) 8... h6 9. Rd1 $146 ({RR} 9. b3 Ba5 10. a3 cxd4 11. Nxd4 d5 12. Nf3 dxc4 13. Bxc4 a6 14. Bb2 b5 15. Rfd1 Qe7 16. Bd3 Bb7 17. b4 Bb6 18. Rac1 Rac8 19. Qe2 {½-½ (19) Vera Gonzalez Quevedo,R (2481)-Mitkov,N (2520) Merida 2005}) ({RR} 9. a3 Ba5 10. h3 Bc7 11. f4 cxd4 12. exd4 Bb6 13. Be3 e5 14. Nb5 e4 15. Bxe4 Re8 16. Ng3 Nxe4 17. Nxe4 Bf5 18. Nbxd6 Bxe4 19. Nxe4 Qe7 20. c5 Qxe4 21. Qxe4 Rxe4 22. Rfe1 Bd8 23. d5 Ne7 {Kakageldyev,A-Kortschnoj,V Leningrad 1969 0-1 (37)}) 9... Qe7 10. Ne4 Rd8 11. a3 Ba5 12. dxc5 dxc5 13. Nxf6+ Qxf6 14. Bh7+ Kf8 15. Rxd8+ Qxd8 16. Be4 Bd7 17. b3 Qe7 18. Bb2 Rd8 19. Rd1 Be8 20. f4 Bc7 21. g3 f6 22. Kf2 b6 23. Rxd8 Qxd8 24. Qd3 Qc8 25. Qc3 Ne7 26. Bf3 Nf5 27. Qd3 Bg6 28. Qd2 Nd6 29. Nc3 Qd7 30. Kg2 Ke7 31. Qd1 a6 32. Kf1 b5 33. cxb5 axb5 34. Kg2 Bb6 35. Bc1 c4 36. b4 Bd3 37. a4 bxa4 38. Nxa4 Qb5 39. Nxb6 Qxb6 40. Bd2 Ne4 41. Be1 Qxe3 42. b5 Kf7 43. b6 Qxb6 44. Qa4 Qb2+ 45. Kg1 Qc1 46. Qd7+ Kg6 47. Qe8+ Kh7 48. Bxe4+ Bxe4 0-1

[Event "Airthings Masters Div 1 W"]
[Site "chess.com INT"]
[Date "2023.02.07"]
[Round "2.4"]
[White "Erigaisi, Arjun"]
[Black "Carlsen, M.."]
[Result "1/2-1/2"]
[WhiteElo "2701"]
[BlackElo "2852"]
[PlyCount "98"]
[EventDate "2023.02.06"]

1. d4 Nf6 2. c4 e6 3. Nc3 Bb4 4. e3 O-O 5. Bd3 c5 6. Nge2 d5 7. cxd5 cxd4 8. exd4 Nxd5 9. O-O Nc6 10. Bc2 Re8 11. Qd3 g6 12. Rd1 Bf8 13. Qf3 Bd7 $146 ({RR} 13... Nxc3 14. bxc3 Bg7 15. Ng3 f5 16. Ne2 Bd7 17. Qg3 Qf6 18. Rb1 b6 19. h4 h6 20. Nf4 Kh7 21. c4 Rac8 22. Ba4 Red8 23. Bb2 Na5 24. Bxd7 Rxd7 25. Re1 Re7 26. c5 Nc4 27. cxb6 axb6 28. Ba1 {Gurevich,M (2540)-Razuvaev,Y (2510) Moscow 1987 1-0 (31)}) ({RR} 13... b6 14. Be4 Nce7 15. Bg5 Bb7 16. Nxd5 Bxd5 17. Nc3 Qd7 18. Bxe7 Bxe4 19. Nxe4 Bxe7 20. d5 exd5 21. Rxd5 Qe6 22. h3 Rad8 23. Nc3 Bf6 24. Rad1 h5 25. Rxd8 Bxd8 26. Nd5 Kg7 27. a4 Qe5 28. b3 {Nakamura,H (2520)-Christiansen,L (2566) Seattle 2003 ½-½ (34)}) ({RR} 13... Nxc3 14. bxc3 Bg7 15. Ng3 e5 16. Bb3 Rf8 17. Ne4 Bf5 18. Nc5 exd4 19. Bf4 Qc8 20. Nxb7 Qxb7 {0-1 (20) Potocnik,P (2194)-Hasanagic,A (2067) Ljubljana 2008}) 14. Nxd5 exd5 15. Be3 Bg7 16. Bb3 Be6 17. Nf4 Qf6 18. Qg3 Rad8 19. Rac1 Ne7 20. Nxe6 Qxe6 21. Ba4 Nf5 22. Qc7 Rc8 23. Qxb7 Rb8 24. Qc7 Rec8 25. Qd7 Qxd7 26. Bxd7 Nxe3 27. fxe3 Rxc1 28. Rxc1 Rxb2 29. Rc8+ Bf8 30. Bc6 Rc2 31. Bb7 Rxc8 32. Bxc8 f5 33. Be6+ Kg7 34. Bxd5 Kf6 35. Kf2 h5 36. g3 Bd6 37. h3 Bc7 38. Kf3 Bd6 39. g4 hxg4+ 40. hxg4 Kg5 41. gxf5 gxf5 42. a4 a5 43. Ke2 Kf6 44. Kd3 Bh2 45. Kc4 Bg1 46. e4 fxe4 47. Bxe4 Bf2 48. Kb5 Bxd4 49. Kxa5 Bc3+ 1/2-1/2

[Event "Chessable Masters Div 1 W"]
[Site "chess.com INT"]
[Date "2024.02.03"]
[Round "2.4"]
[White "Fedoseev, Vl3"]
[Black "Carlsen, M.."]
[Result "1-0"]
[WhiteElo "2690"]
[BlackElo "2830"]
[PlyCount "291"]
[EventDate "2024.02.02"]
[EventType "k.o."]

1. d4 {Vitiugov,Nikita} Nf6 2. c4 e6 3. Nc3 Bb4 4. Qc2 d5 5. cxd5 exd5 6. Bg5 h6 7. Bh4 Nc6 ({RR} 7... g5 8. Bg3 Nc6) ({RR} 7... c5 8. dxc5 g5 9. Bg3 Ne4) 8. e3 g5 9. Bg3 h5 10. h4 ({RR} 10. Bb5 h4 11. Be5 Rh6 12. h3 Ne4 13. Nge2 Bf5 14. Qb3 Bxc3+ 15. Nxc3 Nxc3 16. bxc3 Qd7 17. Bh2 O-O-O) ({RR} 10. Bb5 h4 11. Be5 O-O 12. Bxc6 bxc6 13. Nge2 Nh5 14. h3 f6 15. Bh2 Rb8 16. O-O Ng7 17. Na4 Ba6 18. Rfc1 Bd6 19. Qd1 Bxh2+ 20. Kxh2 Qd6+ 21. Kh1 Ne6 22. b3 Rbe8 23. Ng1 Bc8 24. Rc3 Bd7 {So,W (2757)-Kollars,D (2648) chess.com INT 2024 1-0 (61)}) 10... Ne4 11. Bh2 ({RR} 11. Nge2 Nxg3 12. Nxg3 Bg4) 11... Qe7 ({RR} 11... Bf5 12. Bd3 gxh4 13. Nge2 Qg5) ({RR} 11... Bf5 12. Bd3 gxh4 13. Nge2 Qe7 14. a3 Nxc3 15. Nxc3 Bxd3 16. Qxd3 Bxc3+ 17. Qxc3 Rg8 18. Rg1 O-O-O 19. Rc1 Rg4 20. Kf1 h3 21. gxh3 Rxg1+ 22. Bxg1 Qe6 23. b4 Qxh3+ 24. Ke2 Rd7 25. Qc5 Kb8 26. Qf8+ {Xie,K (2446)-Yuan,Q (2347) Xinghua CHN 2025 0-1 (37)}) 12. Bb5 $146 ({RR} 12. a3 Ba5 ({RR} 12... Nxd4 13. exd4 Nxc3+ 14. Be5 Nb5+ 15. axb4 Nxd4 16. Qxc7 Qxc7 17. Bxc7 Nc2+ 18. Kd2 Nxa1 19. Nf3) ({RR} 12... Bxc3+ 13. bxc3 Bf5 ({RR} 13... g4 14. Bf4 g3) 14. Bd3 gxh4) 13. Nf3 ({RR} 13. Bb5) ({RR} 13. b4 Nxb4 14. axb4 Bxb4 15. Nge2 Rh6) ({RR} 13. Bd3 Nxc3 14. bxc3 Nxd4) ({RR} 13. Nge2 Bf5) 13... g4 14. Nd2 ({RR} 14. Ne5 g3) 14... Nxc3 15. bxc3 Qxh4 16. Bb5 Bd7 ({RR} 16... g3 17. Nf3 ({RR} 17. fxg3 Qf6) 17... gxf2+ 18. Kf1 Qe4 19. Qxe4+ dxe4 20. Ng5 Bf5) 17. O-O a6 ({RR} 17... O-O-O 18. Qa4) 18. Bd3 Be6 19. Nb3 ({RR} 19. c4 Bxd2 20. cxd5 Bxe3 21. dxc6 ({RR} 21. fxe3 Bxd5) 21... g3 22. Bxg3 Qxg3 23. cxb7 Rb8 24. fxe3 Qxe3+ 25. Kh1) 19... Bb6 20. c4 dxc4 21. Bxc4 Bxc4 22. Qxc4 Qe7 23. d5 Ne5 24. Qa4+ Kf8 25. d6 ({RR} 25. Nd4 Qf6 ({RR} 25... Re8 26. Ne6+)) 25... cxd6 26. Qb4 Ba7 {Predke,A (2650)-Vitiugov,N (2728) Izhevsk 2019 CBM 192 [Vitiugov,Nikita] 0-1 (41)}) ({RR} 12. Bd3 Bf5 ({RR} 12... Nxd4 13. exd4 Nxc3+ 14. Kf1 Ne4 15. f3 Nd2+ 16. Kf2) 13. Nge2 gxh4 14. Nf4 O-O-O 15. O-O Bxc3 16. bxc3) 12... Bf5 13. Nge2 gxh4 14. Qb3 O-O-O 15. a3 Bxc3+ 16. bxc3 Rh6 17. Bf4 Rg6 18. f3 Ng5 19. Kf2 h3 20. Ng3 hxg2 21. Nxf5 gxh1=N+ 22. Rxh1 Qd7 23. Bd3 Ne6 24. Bg3 Rdg8 25. Rxh5 Rg5 26. Rh6 Nexd4 27. cxd4 Rxf5 28. f4 Ne7 29. Qc2 Kb8 30. Bh4 f6 31. Rh7 Rxf4+ 32. exf4 Qg4 33. Ke3 Qh3+ 34. Kd2 Qh2+ 35. Kc3 Qxf4 36. Rxe7 Qxh4 37. Qg2 Qg5 38. Qh2 Qc1+ 39. Kb3 a6 40. Bc2 Rc8 41. Qg3 Qg5 42. Qc3 Qf4 43. Qc5 Rd8 44. Rf7 Qd6 45. Kc3 Qxc5+ 46. dxc5 c6 47. Kb4 Rh8 48. Ka5 Ka7 49. Ba4 Rc8 50. Rxf6 Rc7 51. Rh6 Re7 52. Rh5 Rg7 53. Bc2 Rg3 54. Kb4 a5+ 55. Kxa5 Rc3 56. Rh2 Rxc5+ 57. Kb4 Rc4+ 58. Kb3 Rf4 59. Rh7 Rf3+ 60. Kb4 Rf4+ 61. Kb3 Rf3+ 62. Kb4 Kb6 63. Rh6 Rf4+ 64. Kb3 Kc5 65. Rh7 Rf3+ 66. Kb2 Kb6 67. Bd1 Rf2+ 68. Kb3 Rf1 69. Bg4 Rf8 70. a4 Rg8 71. Bf5 Rf8 72. Bd3 Rf3 73. Kc3 Rf4 74. a5+ Kxa5 75. Rxb7 Rh4 76. Be2 Re4 77. Bf1 Rf4 78. Bd3 Rh4 79. Rb8 Rf4 80. Be2 Re4 81. Bh5 Rc4+ 82. Kb3 Rc5 83. Be2 Rc1 84. Bd3 Rh1 85. Kc3 Rh4 86. Bf5 Rc4+ 87. Kd3 Rb4 88. Rc8 Kb6 89. Bd7 Rc4 90. Be8 Kb7 91. Rd8 Kc7 92. Rd7+ Kb6 93. Rd6 Kc7 94. Rh6 Kb6 95. Bf7 Kb5 96. Rh1 Rf4 97. Be8 Rf3+ 98. Kd4 Rf4+ 99. Kd3 Rf3+ 100. Kd2 Rf4 101. Rh6 Rd4+ 102. Kc3 Rc4+ 103. Kd3 Kb6 104. Bg6 Kc5 105. Bf5 Rd4+ 106. Ke3 Rc4 107. Bd7 Kb6 108. Kf3 Kc7 109. Bf5 Kb6 110. Rf6 Kc5 111. Bg6 Kb6 112. Kg3 Kc5 113. Bh5 Re4 114. Bg4 Re7 115. Kf4 Re4+ 116. Kf5 Re7 117. Bh5 d4 118. Bf3 Rc7 119. Ke4 Re7+ 120. Kd3 Re3+ 121. Kd2 Rc3 122. Bxc6 Re3 123. Bd7 Kd5 124. Bg4 Ke5 125. Rf8 Ke4 126. Be2 Ra3 127. Bc4 Re3 128. Ba2 Ke5 129. Bb1 Kd5 130. Bd3 Ke5 131. Kc2 Kd5 132. Rf4 Ke5 133. Rf5+ Kd6 134. Rh5 Rg3 135. Rh8 Re3 136. Rd8+ Ke5 137. Rd7 Rg3 138. Re7+ Kd5 139. Re8 Re3 140. Rc8 Rg3 141. Bc4+ Ke5 142. Re8+ Kd6 143. Kd2 Re3 144. Rg8 Ke5 145. Bd3 Kd5 146. Rg4 1-0